00570 2200181 4500245006200000020002200062250001100084100001900095700001000114650002200124005001900146260003500165041001400200084001100214300002900225500012500254336000900379 aMerawat dan Menyembuhkan Luka BatincAgnia Al-KamilhText a978-623-357=134-0 aCet. 1 aAgnia Al-Kamil aAning aPengembangan Diri a20241014121830 aYogyakartabC-Klik Mediac2024 aIndonesia a155.25 aviii, 144 hlm. :c20 cm. aBuku ini bisa menjadi secercah harapan dan teman cerita bagi teman-teman pembaca yang membutuhkan motivasi dan dukungan, atext